Biblioteca

The church and the world : (Registro nro. 46324)

Detalles MARC
000 -LÍDER
Campo fijo de descripción fija 01580aam a2200325 i 4500
001 - NÚMERO DE CONTROL
Campo de control 768714001
003 - IDENTIFICADOR DEL NÚMERO DE CONTROL
Campo de control CO-MdFUSB
005 - FECHA Y HORA DE LA ULTIMA TRANSACCIÓN
control field 20201105134603.0
007 - CAMPO FIJO DE DESCRIPCIÓN FIJA--INFORMACIÓN GENERAL
Campo fijo de descripción fija ta
008 - ELEMENTOS DE LONGITUD FIJA -- INFORMACIÓN GENERAL
Campo fijo de descripción fija -- Información general 200523t1938 enka|||| |||| 00| 0 eng d
020 ## - NÚMERO INTERNACIONAL NORMALIZADO PARA LIBROS
Número Internacional Normalizado del libro [No incluye ISBN]
040 ## - FUENTE DE CATALOGACIÓN
Idioma de catalogación spa.
Agencia de catalogación original CO-MdFUSB
Agencia que realiza la transcripción CO-MdFUSB
Agencia que realiza la modificación CO-MdFUSBC
Convenciones de la descripción rda
041 ## - CÓDIGO DE IDIOMA
Código de idioma para texto/pista de sonido o título separado eng
082 ## - NÚMERO DE CLASIFICACIÓN DECIMAL DEWEY
Número de la edición del Dewey 23
Número de clasificación 261
Clave de autor-Numero de item H885
100 1# - ASIENTO PRINCIPAL--NOMBRE PERSONAL
Nombre personal Hudson, Cyril E.
Término relacionador autor
245 14 - TÍTULO
Título del Material The church and the world :
Parte restante del título - Subtitulo being materials for the historical study of Christian sociology
Mención de responsabilidad, etc. / Cyril E. Hudson , Maurice B. Reckitt
264 #1 - PRODUCCIÓN, PUBLICACIÓN, DISTRIBUCIÓN, MANUFACTURA, Y COPYRIGHT
Lugar de producción, publicación, distribución, manufactura Londres :
Nombre del productor, publicador, distribuidor George Allen and Unwin,
Fecha de producción, publicación, distribución, manufactura, o copyright [1938]
264 #4 - PRODUCCIÓN, PUBLICACIÓN, DISTRIBUCIÓN, MANUFACTURA, Y COPYRIGHT
Fecha de producción, publicación, distribución, manufactura, o copyright © 1938
300 ## - DESCRIPCIÓN FÍSICA
Extensión 3 volúmenes
Dimensiones ; 19 cm
336 ## - TIPO DE CONTENIDO
Término de tipo de contenido texto
Código de tipo de contenido txt
Fuente rdacontent
337 ## - TIPO DE MEDIO
Fuente rdamedia
Nombre del tipo de medio sin mediación
Código del tipo de medio n
338 ## - TIPO DE SOPORTE
Fuente rdacarrier
Nombre del tipo de soporte volumen
Código Tipo de soporte nc
505 ## - NOTA DE CONTENIDO
Nota de contenido con formato preestablecido Volumen 1: El mundo antiguo - La cristiandad \ Volumen 2: The foundations of the modern world - Transición - El movimiento conciliar - La autoridad en la Iglesia y el Estado - La filosofía política de la laicidad - De Erasmus a Grocio - La desintegración de la síntesis económica medieval \ Volumen 3: Church and society in England from 1800: Sociedad y religión en el siglo XIX - Reforma y religión - Reforma en la iglesia - Crisis social y profecía cristiana - El socialismo cristiano - La cuenca victoriana - El final del siglo - El siglo XX - La situación actual y sus problemas.
563 ## - NOTA DE ENCUADERNACIÓN
Nota de encuadernación Pasta dura
650 #7 - ASIENTO SECUNDARIO DE MATERIA - TERMINO TEMÁTICO
9 (RLIN) 405
Término temático o nombre geográfico como elemento de entrada Sociología cristiana
700 ## - ASIENTO SECUNDARIO - NOMBRE PERSONAL
9 (RLIN) 3911
Nombre personal Reckitt, Maurice B.
Responsabilidad autor
942 ## - TIPO DE MATERIAL (KOHA)
Tipo de Item KOHA Libros General
945 ## - INFORMACIÓN LOCAL DEL REGISTRO
Catalogador JTF-925
Existencias
Estado de Material Estado de Perdido Forma de Clasificación Volumen-Parte/Tomo Estado de Dañado No para Préstamo Colección Tomo Biblioteca de Origen Biblioteca Permanente Fecha de Adquisición Área Total de Préstamos Signatura Topográfica Código de Barras Última vez visto Ejemplar/Existencia Fecha de Remplazo Tipo de Material
    Dewey Decimal Classification 1     Colección General   Biblioteca FUSBC Biblioteca FUSBC 23/05/2020 HISTORIA DEL CRISTIANISMO   G 261 H885c 20954 12/12/2019 Vol.1, ej.1 26/01/2016 Libros General
    Dewey Decimal Classification 3     Colección General   Biblioteca FUSBC Biblioteca FUSBC 23/05/2020 HISTORIA DEL CRISTIANISMO   G 261 H885c 20956 12/12/2019 Vol.3, ej.1 26/01/2016 Libros General

Biblioteca FUSBC | Teléfono: (57+4) 349 88 10 Ext. 141| WhatsApp (+57) 3005338115 
E-mail: biblioteca@unisbc.edu.co | Calle 76 87-14 Robledo Palenque, Medellín, Colombia

Con tecnología Koha